[Event "NAYCC U12 w"]
[Site "Toronto CAN"]
[Date "2013.08.18"]
[Round "8"]
[White "Ouellet, Maili-Jade"]
[Black "Ravishankar, Ramitha"]
[Result "1-0"]
[WhiteElo "1669"]
[BlackElo "1581"]
[PlyCount "119"]
[GameId "2160767909275789"]
[EventDate "2013.08.14"]
[EventType "swiss"]
[EventRounds "9"]
[EventCountry "CAN"]
[SourceTitle "EXT 2022"]
[Source "ChessBase"]
[SourceDate "2021.10.06"]
[SourceVersion "1"]
[SourceVersionDate "2021.10.06"]
[SourceQuality "1"]

1. d4 d5 2. c4 e6 3. Nc3 Be7 4. Nf3 Nf6 5. Bg5 O-O 6. e3 h6 7. Bh4 b6 8. Qc2 Bb7 9. cxd5 exd5 10. Bd3 Nbd7 11. h3 c5 12. b3 Rc8 13. a3 a6 14. Qb2 Qc7 15. Bg3 Bd6 16. Bxd6 Qxd6 17. O-O Ne4 18. Rfc1 Rc7 19. dxc5 Nexc5 20. Bf1 Ne5 21. Nxe5 Qxe5 22. Na4 Qxb2 23. Nxb2 Rd7 24. Rc3 d4 25. exd4 Rxd4 26. b4 Ne6 27. g3 b5 28. Nd3 f6 29. f4 Rc8 30. Rac1 Rxc3 31. Rxc3 Be4 32. Nc5 Nxc5 33. Rxc5 Rd1 34. Kf2 Ra1 35. Rc3 Kf7 36. Ke3 f5 37. Bd3 Bxd3 38. Rxd3 Rg1 39. Kd4 Rc1 40. Ke5 Ke7 41. Kxf5 Rc6 42. h4 g6+ 43. Kg4 h5+ 44. Kg5 Rf6 45. Rd7+ Ke6 46. Rd6+ Kxd6 47. Kxf6 Kd5 48. Kxg6 Ke4 49. f5 Kf3 50. f6 Kxg3 51. Kxh5 Kf4 52. f7 Ke4 53. f8=Q Kd5 54. Qc5+ Ke6 55. Kg6 Kd7 56. Qb6 Ke7 57. Qc6 Kd8 58. Qb7 Ke8 59. Qc7 Kf8 60. Qf7# 1-0

[Event "NAYCC U12 w"]
[Site "Toronto CAN"]
[Date "2013.08.18"]
[Round "8"]
[White "Palakollu, Samritha"]
[Black "Nguyen, An"]
[Result "1-0"]
[WhiteElo "1761"]
[BlackElo "1654"]
[PlyCount "129"]
[GameId "2160767909275790"]
[EventDate "2013.08.14"]
[EventType "swiss"]
[EventRounds "9"]
[EventCountry "CAN"]

1. e4 c6 2. d4 d5 3. exd5 cxd5 4. c4 Nf6 5. Nc3 Nc6 6. Nf3 Bg4 7. cxd5 Nxd5 8. Bc4 Nxc3 9. bxc3 e6 10. Be2 h6 11. h3 Bh5 12. Qb3 Qc7 13. Ba3 Bxa3 14. Qxa3 Qe7 15. Qxe7+ Kxe7 16. Ne5 Bxe2 17. Nxc6+ bxc6 18. Kxe2 Rab8 19. Rab1 Rhd8 20. Rb3 Rxb3 21. axb3 Rb8 22. Rb1 a5 23. Kd2 Kd6 24. Kc2 e5 25. dxe5+ Kxe5 26. f4+ Kd5 27. Re1 Kd6 28. Ra1 Rb5 29. g4 g5 30. c4 Rc5 31. Rd1+ Ke7 32. fxg5 Rxg5 33. Kc3 Re5 34. Rd3 f6 35. Kd4 Ke6 36. Rf3 f5 37. gxf5+ Rxf5 38. Rxf5 Kxf5 39. Kc5 Kf4 40. Kxc6 Kg3 41. Kb5 Kxh3 42. c5 Kg2 43. c6 h5 44. c7 h4 45. c8=Q h3 46. Kxa5 h2 47. b4 Kg1 48. b5 Kf2 49. Qc2+ Kg1 50. Qxh2+ Kxh2 51. b6 Kg3 52. b7 Kf3 53. b8=Q Kg4 54. Qf8 Kg5 55. Kb5 Kg4 56. Kc4 Kg5 57. Qf3 Kg6 58. Qf4 Kg7 59. Qf5 Kg8 60. Qf6 Kh7 61. Qg5 Kh8 62. Kd5 Kh7 63. Ke6 Kh8 64. Kf7 Kh7 65. Qg7# 1-0

[Event "NAYCC U12 w"]
[Site "Toronto CAN"]
[Date "2013.08.18"]
[Round "8"]
[White "Roque Sola, Andrea"]
[Black "Zhou, Lily"]
[Result "1-0"]
[WhiteElo "1560"]
[BlackElo "1643"]
[PlyCount "145"]
[GameId "2160767909275793"]
[EventDate "2013.08.14"]
[EventType "swiss"]
[EventRounds "9"]
[EventCountry "CAN"]
[SourceTitle "EXT 2022"]
[Source "ChessBase"]
[SourceDate "2021.10.06"]
[SourceVersion "1"]
[SourceVersionDate "2021.10.06"]
[SourceQuality "1"]

1. c4 e6 2. Nc3 f5 3. g3 Nf6 4. Bg2 d5 5. d4 c6 6. e3 Be7 7. Nge2 O-O 8. O-O Bd6 9. Bd2 Nbd7 10. Rc1 Qe8 11. Nb1 h6 12. c5 Bc7 13. b4 g5 14. f4 g4 15. a4 a6 16. Nec3 h5 17. b5 h4 18. Kf2 Qh5 19. Rh1 Ne4+ 20. Nxe4 fxe4 21. h3 e5 22. Qxg4+ Qxg4 23. hxg4 hxg3+ 24. Kxg3 exf4+ 25. exf4 axb5 26. axb5 Ra2 27. Rcf1 Rb2 28. b6 Rb3+ 29. Nc3 Bd8 30. Rb1 Rxb1 31. Nxb1 Re8 32. Be3 Nf6 33. Bh3 Kf7 34. g5 Nh5+ 35. Kf2 Bxh3 36. Rxh3 Rh8 37. Nc3 Kg7 38. Ne2 Kg8 39. Ng3 Ng7 40. Rxh8+ Kxh8 41. Kg2 Ne6 42. Nf5 Kh7 43. Nd6 Be7 44. Nxb7 Nd8 45. Na5 Kg6 46. b7 Nxb7 47. Nxb7 Kf5 48. Na5 Bd8 49. Nxc6 Bc7 50. Ne5 Bd8 51. c6 Bc7 52. g6 Kf6 53. Kg3 Kg7 54. Kg4 Kf6 55. Kh5 Kg7 56. Kg5 Bd8+ 57. Kf5 Kf8 58. Ke6 Ba5 59. Kd7 Bb6 60. c7 Bxc7 61. Kxc7 Kg7 62. Kd6 Kf6 63. Kxd5 Kg7 64. Kxe4 Kf6 65. d5 Ke7 66. g7 Kd6 67. g8=Q Kc7 68. Qf7+ Kb8 69. Nc6+ Kc8 70. Qe8+ Kc7 71. Qd8+ Kb7 72. Qb8+ Ka6 73. Qb6# 1-0

[Event "NAYCC U12 w"]
[Site "Toronto CAN"]
[Date "2013.08.18"]
[Round "8"]
[White "Saremi, Yekta"]
[Black "Shen, Celina"]
[Result "1-0"]
[WhiteElo "1415"]
[BlackElo "527"]
[PlyCount "115"]
[GameId "2160767909275794"]
[EventDate "2013.08.14"]
[EventType "swiss"]
[EventRounds "9"]
[EventCountry "CAN"]
[SourceTitle "EXT 2022"]
[Source "ChessBase"]
[SourceDate "2021.10.06"]
[SourceVersion "1"]
[SourceVersionDate "2021.10.06"]
[SourceQuality "1"]

1. e4 e5 2. Nf3 Nc6 3. Nc3 Nf6 4. Bb5 g6 5. O-O Bg7 6. d3 O-O 7. Bxc6 dxc6 8. Nxe5 Be6 9. Be3 Qd6 10. Nf3 Bg4 11. h3 Bxf3 12. Qxf3 Rad8 13. Rfe1 Rfe8 14. Bxa7 b6 15. e5 Rxe5 16. Rxe5 Qxe5 17. Qxc6 Nd5 18. Nxd5 Qxd5 19. Qxc7 Rd7 20. Qb8+ Rd8 21. Qxb6 Bd4 22. Qc7 Bxa7 23. Qxa7 Qe5 24. Rb1 Rd6 25. Qe3 Qf6 26. a4 Re6 27. Qd2 Qf5 28. b4 Qh5 29. c4 Re2 30. Qd1 Rb2 31. f3 Qe5 32. Rxb2 Qxb2 33. b5 Qb4 34. Qc2 Kf8 35. c5 Ke7 36. Qc4 Qe1+ 37. Kh2 Qe5+ 38. f4 Qc7 39. b6 Qc6 40. Qe4+ Qxe4 41. dxe4 Kd7 42. a5 Kc6 43. a6 f5 44. exf5 gxf5 45. a7 Kxc5 46. a8=Q Kxb6 47. Qc8 h5 48. Qc4 h4 49. Kg1 Ka5 50. Qb3 Ka6 51. Qb4 Ka7 52. Qb5 Ka8 53. Kf2 Ka7 54. Ke3 Ka8 55. Kd4 Ka7 56. Kc5 Ka8 57. Kc6 Ka7 58. Qb7# 1-0

[Event "NAYCC U12 w"]
[Site "Toronto CAN"]
[Date "2013.08.18"]
[Round "8"]
[White "Sengupta, Sikata"]
[Black "Liu, Jiaxin"]
[Result "1/2-1/2"]
[WhiteElo "1513"]
[BlackElo "1693"]
[PlyCount "34"]
[GameId "2160767909275795"]
[EventDate "2013.08.14"]
[EventType "swiss"]
[EventRounds "9"]
[EventCountry "CAN"]
[SourceTitle "EXT 2022"]
[Source "ChessBase"]
[SourceDate "2021.10.06"]
[SourceVersion "1"]
[SourceVersionDate "2021.10.06"]
[SourceQuality "1"]

1. d4 Nf6 2. Nf3 g6 3. g3 Bg7 4. Bg2 O-O 5. c4 e6 6. Nc3 d6 7. O-O Nbd7 8. Re1 Nb6 9. b3 d5 10. cxd5 Nfxd5 11. Bb2 Nxc3 12. Bxc3 Nd5 13. Bb2 Rb8 14. e4 Ne7 15. Rb1 b6 16. Qe2 Bb7 17. Rbd1 Re8 1/2-1/2

[Event "NAYCC U12 w"]
[Site "Toronto CAN"]
[Date "2013.08.18"]
[Round "8"]
[White "Tang, Terra"]
[Black "Gao, Catherine"]
[Result "1/2-1/2"]
[WhiteElo "1036"]
[BlackElo "1133"]
[PlyCount "62"]
[GameId "2160767909275797"]
[EventDate "2013.08.14"]
[EventType "swiss"]
[EventRounds "9"]
[EventCountry "CAN"]
[SourceTitle "EXT 2022"]
[Source "ChessBase"]
[SourceDate "2021.10.06"]
[SourceVersion "1"]
[SourceVersionDate "2021.10.06"]
[SourceQuality "1"]

1. e4 e5 2. Nf3 Nc6 3. Bc4 Nf6 4. Nc3 Bb4 5. d3 O-O 6. Bd2 d6 7. h3 h6 8. O-O b6 9. a3 Bc5 10. Nd5 Bb7 11. c3 a6 12. Nxf6+ Qxf6 13. Bd5 b5 14. b4 Bb6 15. c4 Rab8 16. a4 bxc4 17. dxc4 Nd4 18. Nxd4 Bxd4 19. Ra2 Bxd5 20. exd5 Qe7 21. Qb3 Rb7 22. Bc3 Bxc3 23. Qxc3 Rfb8 24. b5 axb5 25. axb5 Qd7 26. Rb1 Qf5 27. Rbb2 Qd7 28. Qc2 Kh8 29. Ra3 Kg8 30. Qc1 Qd8 31. Rg3 Qf6 1/2-1/2

[Event "NAYCC U12 w"]
[Site "Toronto CAN"]
[Date "2013.08.18"]
[Round "8"]
[White "Tao, Ellen"]
[Black "Gillan, Rahma"]
[Result "1/2-1/2"]
[WhiteElo "1196"]
[BlackElo "1150"]
[PlyCount "35"]
[GameId "2160767909275798"]
[EventDate "2013.08.14"]
[EventType "swiss"]
[EventRounds "9"]
[EventCountry "CAN"]
[SourceTitle "EXT 2022"]
[Source "ChessBase"]
[SourceDate "2021.10.06"]
[SourceVersion "1"]
[SourceVersionDate "2021.10.06"]
[SourceQuality "1"]

1. e4 e5 2. Nf3 Nc6 3. Bc4 Bc5 4. O-O Nf6 5. d3 h6 6. Be3 Bb6 7. Nc3 d6 8. h3 Be6 9. Bb3 O-O 10. d4 exd4 11. Nxd4 Qd7 12. Nxc6 Bxe3 13. fxe3 Qxc6 14. Qf3 Bxb3 15. cxb3 Rae8 16. Rac1 Qd7 17. Rfe1 c6 18. Rcd1 1/2-1/2

[Event "NAYCC U12 w"]
[Site "Toronto CAN"]
[Date "2013.08.18"]
[Round "8"]
[White "Trakru, Priya"]
[Black "Zhu, Jiarong"]
[Result "1/2-1/2"]
[WhiteElo "1911"]
[BlackElo "1224"]
[PlyCount "53"]
[GameId "2160767909275799"]
[EventDate "2013.08.14"]
[EventType "swiss"]
[EventRounds "9"]
[EventCountry "CAN"]
[SourceTitle "EXT 2022"]
[Source "ChessBase"]
[SourceDate "2021.10.06"]
[SourceVersion "1"]
[SourceVersionDate "2021.10.06"]
[SourceQuality "1"]

1. e4 c5 2. Nf3 e6 3. Nc3 Nc6 4. Be2 Nf6 5. O-O Be7 6. d4 cxd4 7. Nxd4 Bb4 8. Ndb5 O-O 9. a3 Bc5 10. b4 Bb6 11. Nd6 Bd4 12. Bb2 a6 13. Na4 Bxb2 14. Nxb2 b5 15. c4 bxc4 16. Nbxc4 Nxe4 17. Nxe4 d5 18. Bf3 dxe4 19. Bxe4 Bd7 20. Ne5 Nxe5 21. Bxa8 Qxa8 22. Re1 f6 23. Rxe5 fxe5 24. Qxd7 Qd5 25. Rd1 Qa2 26. Rd2 Qa1+ 27. Rd1 1/2-1/2

[Event "NAYCC U12 w"]
[Site "Toronto CAN"]
[Date "2013.08.18"]
[Round "9"]
[White "Dommalapati, Aasa"]
[Black "Li, Catherine"]
[Result "0-1"]
[WhiteElo "1590"]
[BlackElo "1143"]
[PlyCount "184"]
[GameId "2160767909275800"]
[EventDate "2013.08.14"]
[EventType "swiss"]
[EventRounds "9"]
[EventCountry "CAN"]
[SourceTitle "hb 2013"]

1. e4 c5 2. d4 cxd4 3. c3 d6 4. cxd4 Nf6 5. Nc3 g6 6. Nf3 Bg7 7. Be2 a6 8. O-O b5 9. a3 Nbd7 10. Qc2 Bb7 11. Rd1 Rc8 12. Qb1 Qc7 13. Bf4 Nb6 14. Rc1 Qd7 15. d5 Nc4 16. Nd1 O-O 17. Ne3 Nxe3 18. Bxe3 Rxc1+ 19. Bxc1 e6 20. dxe6 Qxe6 21. Ng5 Qe5 22. f3 h6 23. Nh3 d5 24. Bf4 Qd4+ 25. Kh1 dxe4 26. fxe4 Nxe4 27. Bg3 Nxg3+ 28. hxg3 Qxb2 29. Qxb2 Bxb2 30. Ra2 Be5 31. Kh2 Bc6 32. Rc2 Bd5 33. Rc5 Rd8 34. Bf3 Bxf3 35. gxf3 Bb2 36. Rc6 Ra8 37. a4 bxa4 38. Rc4 a3 39. Ra4 Kg7 40. Nf2 Rd8 41. Kh3 Rd2 42. Ne4 Re2 43. Rxa6 Bc1 44. Nc3 Rb2 45. Rxa3 Rf2 46. Ra1 Bb2 47. Ra2 Rxf3 48. Rxb2 Rxc3 49. Rb6 Re3 50. Rc6 Re6 51. Rc7 Kf6 52. Rc5 g5 53. Kg2 Kg6 54. g4 h5 55. gxh5+ Kxh5 56. Kg3 Re3+ 57. Kf2 Re7 58. Rf5 Kg4 59. Rf3 f5 60. Rg3+ Kh4 61. Rg1 Re4 62. Rh1+ Kg4 63. Rg1+ Kh5 64. Rh1+ Rh4 65. Re1 g4 66. Re5 Kg5 67. Ke3 g3 68. Kf3 Rg4 69. Re1 g2 70. Rg1 Kh4 71. Rxg2 Rxg2 72. Kxg2 Kg4 73. Kf2 Kf4 74. Ke2 Kg3 75. Ke1 Kg2 76. Ke2 f4 77. Ke1 f3 78. Kd2 f2 79. Ke3 f1=Q 80. Ke4 Kg3 81. Ke5 Kg4 82. Kd6 Qe2 83. Kd5 Kf4 84. Kd4 Qd2+ 85. Kc5 Ke4 86. Kc6 Ke5 87. Kb5 Qc3 88. Ka4 Qb2 89. Ka5 Kd5 90. Ka6 Kc5 91. Ka7 Kc6 92. Ka8 Qb7# 0-1

[Event "NAYCC U12 w"]
[Site "Toronto CAN"]
[Date "2013.08.18"]
[Round "9"]
[White "Edouard, Marie-Erline"]
[Black "Tam, Rachel"]
[Result "0-1"]
[WhiteElo "988"]
[BlackElo "1005"]
[PlyCount "132"]
[GameId "2160767909275801"]
[EventDate "2013.08.14"]
[EventType "swiss"]
[EventRounds "9"]
[EventCountry "CAN"]
[SourceTitle "hb 2013"]

1. e4 e5 2. Nf3 Nc6 3. Nc3 Nf6 4. Bc4 Nxe4 5. Nxe4 d5 6. Qe2 dxc4 7. Qxc4 Bd6 8. Nfg5 O-O 9. d3 Bf5 10. O-O Nd4 11. Nxd6 Qxd6 12. Re1 Rae8 13. Be3 Qc6 14. Bxd4 Qxc4 15. dxc4 exd4 16. c3 dxc3 17. bxc3 h6 18. Nf3 f6 19. h3 Be6 20. c5 Bd5 21. Rab1 Bxf3 22. gxf3 Rxe1+ 23. Rxe1 Kf7 24. Rd1 Re8 25. Rd7+ Re7 26. Rxe7+ Kxe7 27. Kf1 Ke6 28. Ke2 Kd5 29. Kd3 Kxc5 30. c4 a5 31. f4 f5 32. h4 a4 33. a3 b5 34. cxb5 Kxb5 35. Kd4 c5+ 36. Ke5 c4 37. Kxf5 c3 38. Kg6 c2 39. Kxg7 c1=Q 40. Kxh6 Qxf4+ 41. Kh5 Qxf2 42. Kg4 Qxh4+ 43. Kxh4 Kc4 44. Kg4 Kb3 45. Kf5 Kxa3 46. Ke4 Kb2 47. Kd3 a3 48. Kc4 a2 49. Kd3 a1=Q 50. Kd4 Qd1+ 51. Ke5 Kc3 52. Ke6 Qh5 53. Kd6 Kc4 54. Ke6 Kd4 55. Kf6 Ke4 56. Ke6 Qh6+ 57. Kd7 Ke5 58. Kc7 Kd5 59. Kb7 Kc5 60. Ka7 Kb5 61. Kb7 Qh7+ 62. Kc8 Kb6 63. Kd8 Kc6 64. Ke8 Kd6 65. Kf8 Ke6 66. Ke8 Qe7# 0-1

[Event "NAYCC U12 w"]
[Site "Toronto CAN"]
[Date "2013.08.18"]
[Round "9"]
[White "Gillan, Rahma"]
[Black "Tan, Kylie"]
[Result "1/2-1/2"]
[WhiteElo "1150"]
[BlackElo "1203"]
[PlyCount "48"]
[GameId "2160767909275802"]
[EventDate "2013.08.14"]
[EventType "swiss"]
[EventRounds "9"]
[EventCountry "CAN"]
[SourceTitle "hb 2013"]

1. e4 e5 2. Nf3 Nc6 3. Bc4 Nf6 4. d3 Bc5 5. Bg5 h6 6. Bh4 d6 7. h3 Be6 8. Bb3 Bb6 9. Nc3 O-O 10. O-O Re8 11. Nd5 Bxd5 12. Bxd5 Rb8 13. Bxc6 bxc6 14. c3 c5 15. c4 Qe7 16. Nh2 g5 17. Bg3 Kg7 18. Ng4 Nxg4 19. Qxg4 Qe6 20. Qxe6 Rxe6 21. f3 c6 22. Be1 Bc7 23. b3 Ree8 24. Bd2 f6 1/2-1/2

[Event "NAYCC U12 w"]
[Site "Toronto CAN"]
[Date "2013.08.18"]
[Round "9"]
[White "Nguyen, An"]
[Black "Kao, Camille"]
[Result "1/2-1/2"]
[WhiteElo "1654"]
[BlackElo "1747"]
[PlyCount "199"]
[GameId "2160767909275803"]
[EventDate "2013.08.14"]
[EventType "swiss"]
[EventRounds "9"]
[EventCountry "CAN"]
[SourceTitle "hb 2013"]

1. e4 e5 2. Nf3 Nc6 3. Bb5 a6 4. Ba4 Nf6 5. O-O Be7 6. Re1 b5 7. Bb3 d6 8. h3 O-O 9. c3 Nb8 10. d4 Nbd7 11. Nbd2 Bb7 12. d5 Re8 13. Nf1 Bf8 14. Ng3 g6 15. Bc2 Bg7 16. Be3 Qe7 17. Qd2 c6 18. dxc6 Bxc6 19. Bg5 Rad8 20. Rad1 Nb6 21. Bb3 a5 22. Qe3 Qb7 23. Qe2 a4 24. Bc2 Nc4 25. b3 axb3 26. axb3 Nb6 27. Bd3 Na8 28. Qb2 Nc7 29. Ra1 Ra8 30. Nd2 d5 31. Bxf6 Bxf6 32. exd5 Bxd5 33. Be4 Bxe4 34. Ndxe4 Be7 35. Red1 Qc6 36. Re1 f5 37. Nd2 Bf6 38. Rxa8 Rxa8 39. Qc2 e4 40. c4 bxc4 41. Qxc4+ Qxc4 42. Nxc4 Rb8 43. Rb1 Nd5 44. Nd2 Bd4 45. Ne2 Bc5 46. Nc4 Nb4 47. Ne3 Nd3 48. g3 Ne5 49. Kg2 Bxe3 50. fxe3 Nc4 51. Kf2 Nd2 52. Rb2 Nc4 53. Rb1 Ne5 54. Nd4 Nd3+ 55. Ke2 Kf7 56. Ra1 Rb7 57. Rf1 Ke7 58. Kd2 Kd6 59. Ra1 Nb4 60. Ke2 h6 61. Rc1 Rb6 62. Rc8 h5 63. Rg8 Ke7 64. Rg7+ Kf8 65. Ra7 Nd3 66. Rc7 Nb4 67. Ra7 Nc6 68. Nxc6 Rxc6 69. Kd2 Kg8 70. Rb7 g5 71. b4 Rd6+ 72. Ke2 Rd3 73. Rb5 Kg7 74. Rxf5 Kg6 75. Re5 Rb3 76. Rxe4 Kf5 77. Rd4 Rb2+ 78. Rd2 Rxb4 79. Kf2 Ke5 80. Re2 Ke4 81. Re1 Rb3 82. h4 g4 83. Re2 Rb8 84. Kg2 Rc8 85. Re1 Rf8 86. Re2 Rf3 87. Re1 Rxe3 88. Ra1 Kf5 89. Ra5+ Re5 90. Ra2 Rd5 91. Rb2 Ke4 92. Ra2 Ke3 93. Ra3+ Rd3 94. Ra8 Rd2+ 95. Kg1 Ke2 96. Ra5 Kf3 97. Ra3+ Ke4 98. Ra4+ Rd4 99. Ra8 Ke3 100. Rf8 1/2-1/2

[Event "NAYCC U12 w"]
[Site "Toronto CAN"]
[Date "2013.08.18"]
[Round "9"]
[White "Paraparan, Varshini"]
[Black "Kaneshalingam, Mathanhe"]
[Result "1/2-1/2"]
[WhiteElo "1506"]
[BlackElo "1515"]
[PlyCount "37"]
[GameId "2160767909275805"]
[EventDate "2013.08.14"]
[EventType "swiss"]
[EventRounds "9"]
[EventCountry "CAN"]
[SourceTitle "hb 2013"]

1. e4 c5 2. c3 d5 3. exd5 Qxd5 4. d4 e6 5. Nf3 Nf6 6. Na3 Qd8 7. Be3 cxd4 8. Nxd4 Be7 9. Bb5+ Bd7 10. Qf3 Qc8 11. Qg3 Bxa3 12. Qxg7 Rg8 13. Qxf6 Bxb2 14. Rd1 Bxc3+ 15. Bd2 Bxd2+ 16. Rxd2 Qc1+ 17. Rd1 Qc3+ 18. Rd2 Bxb5 19. Qh4 1/2-1/2

[Event "NAYCC U12 w"]
[Site "Toronto CAN"]
[Date "2013.08.18"]
[Round "9"]
[White "Robles Ortiz, Christina"]
[Black "Gao, Catherine"]
[Result "0-1"]
[WhiteElo "1526"]
[BlackElo "1133"]
[PlyCount "168"]
[GameId "2160767909275806"]
[EventDate "2013.08.14"]
[EventType "swiss"]
[EventRounds "9"]
[EventCountry "CAN"]
[SourceTitle "EXT 2022"]
[Source "ChessBase"]
[SourceDate "2021.10.06"]
[SourceVersion "1"]
[SourceVersionDate "2021.10.06"]
[SourceQuality "1"]

1. e4 e5 2. Nf3 Nc6 3. Bb5 a6 4. Ba4 b5 5. Bb3 Nf6 6. Nc3 Bb7 7. a3 Bc5 8. O-O O-O 9. d3 h6 10. Bd2 Re8 11. Ne2 d6 12. Ng3 Ne7 13. Nh4 Qd7 14. Nhf5 Nxf5 15. Nxf5 d5 16. Ng3 dxe4 17. dxe4 Nxe4 18. Nxe4 Bxe4 19. Qe2 Bb7 20. Rad1 Qc6 21. Qg4 Bb6 22. Bc1 Qf6 23. Rd7 Rf8 24. Rd3 Rad8 25. Rh3 Bc8 26. Qg3 Bxh3 27. Qxh3 Kh8 28. c3 e4 29. Bc2 Rfe8 30. Qg3 Qd6 31. Bf4 Qc6 32. Bb3 f6 33. Bf7 Re7 34. Qg6 Rf8 35. Bb3 e3 36. Bc2 Kg8 37. Qh7+ Kf7 38. Bb3+ Ke8 39. Qg6+ Kd8 40. fxe3 Qe4 41. Rd1+ Kc8 42. Qg4+ Kb8 43. Qg3 Bxe3+ 44. Bxe3 Qxe3+ 45. Qxe3 Rxe3 46. Kf2 Re7 47. Rd4 f5 48. g3 g5 49. Kf3 Ka7 50. Bc2 f4 51. gxf4 gxf4 52. Bd3 Re3+ 53. Kf2 Re6 54. Bf1 Kb6 55. b4 Re3 56. Bd3 Re6 57. Be2 Ref6 58. Bg4 Rd6 59. Bf3 Rxd4 60. cxd4 a5 61. Bh5 axb4 62. axb4 Kc6 63. Bf3+ Kb6 64. Kg2 Re8 65. Kf2 Re3 66. d5 Rb3 67. Kg2 Rxb4 68. Kh3 Rb3 69. Kg4 Rxf3 70. Kxf3 b4 71. Kxf4 b3 72. h4 b2 73. Kg4 b1=Q 74. Kh5 Qf5+ 75. Kxh6 Kb7 76. h5 Kc8 77. Kg7 Qxh5 78. Kf6 Qxd5 79. Kg6 Qe5 80. Kh6 Qg3 81. Kh5 Kd7 82. Kh6 Ke7 83. Kh5 Kf6 84. Kh6 Qg6# 0-1

[Event "NAYCC U12 w"]
[Site "Toronto CAN"]
[Date "2013.08.18"]
[Round "9"]
[White "Roque Sola, Andrea"]
[Black "Ravishankar, Ramitha"]
[Result "0-1"]
[WhiteElo "1560"]
[BlackElo "1581"]
[PlyCount "112"]
[GameId "2160767909275807"]
[EventDate "2013.08.14"]
[EventType "swiss"]
[EventRounds "9"]
[EventCountry "CAN"]
[SourceTitle "EXT 2022"]
[Source "ChessBase"]
[SourceDate "2021.10.06"]
[SourceVersion "1"]
[SourceVersionDate "2021.10.06"]
[SourceQuality "1"]

1. e4 e5 2. Nf3 Nc6 3. Bb5 f5 4. d3 Nf6 5. O-O d6 6. Re1 Be7 7. Nbd2 O-O 8. c3 Kh8 9. d4 fxe4 10. Nxe4 Nxe4 11. Rxe4 d5 12. Re1 e4 13. Nd2 Bh4 14. Rf1 Qf6 15. Qe2 a6 16. Ba4 Qg6 17. f3 exf3 18. Nxf3 Bf6 19. Bc2 Qe8 20. Qd3 Qh5 21. Kh1 g6 22. Qd2 Bg7 23. Bd1 Bg4 24. Qg5 Qxg5 25. Bxg5 Na5 26. b3 Rae8 27. h3 Bf5 28. Rc1 b5 29. Bc2 Re2 30. Bxf5 Rxf5 31. Bd2 Nb7 32. Rce1 Re4 33. Ng5 Rxe1 34. Rxe1 Nd6 35. Ne6 Ne4 36. Be3 Rf7 37. Ng5 Nxg5 38. Bxg5 h6 39. Bh4 g5 40. Bg3 b4 41. Be5 Bxe5 42. dxe5 bxc3 43. e6 Re7 44. Rc1 d4 45. Kh2 Rxe6 46. Kg3 Kg7 47. Kf3 Kg6 48. Rd1 c2 49. Rc1 d3 50. b4 d2 51. Rxc2 d1=Q+ 52. Re2 Qxe2+ 53. Kg3 Qe5+ 54. Kf2 Qf4+ 55. Kg1 Qg3 56. a4 Re1# 0-1

[Event "NAYCC U12 w"]
[Site "Toronto CAN"]
[Date "2013.08.18"]
[Round "9"]
[White "Shen, Celina"]
[Black "Escamilla Romero, Quetzija"]
[Result "0-1"]
[WhiteElo "527"]
[BlackElo "1151"]
[PlyCount "120"]
[GameId "2160767909275808"]
[EventDate "2013.08.14"]
[EventType "swiss"]
[EventRounds "9"]
[EventCountry "CAN"]
[SourceTitle "EXT 2022"]
[Source "ChessBase"]
[SourceDate "2021.10.06"]
[SourceVersion "1"]
[SourceVersionDate "2021.10.06"]
[SourceQuality "1"]

1. e4 c5 2. Nc3 Nc6 3. Nf3 g6 4. g3 Bg7 5. Bg2 Nf6 6. O-O O-O 7. d3 d5 8. Qe2 d4 9. Nd5 Nxd5 10. exd5 Qxd5 11. Ng5 Qe5 12. Ne4 f5 13. Bf4 Qe6 14. Rae1 fxe4 15. Bxe4 Qg4 16. Qxg4 Bxg4 17. f3 Bh3 18. Rf2 e5 19. Bd2 Rae8 20. g4 h5 21. g5 Bf5 22. Bxf5 Rxf5 23. c3 Ref8 24. Kg2 dxc3 25. bxc3 Rd8 26. Re3 Rxg5+ 27. Kf1 Rf5 28. c4 Bh6 29. Re4 Bxd2 30. Rxd2 Rxf3+ 31. Kg2 Rfxd3 32. Rxd3 Rxd3 33. Re2 Kf7 34. h4 Ke6 35. Rf2 e4 36. a4 e3 37. Rf3 Rd2+ 38. Kf1 Rf2+ 39. Rxf2 exf2 40. Kxf2 Na5 41. Ke3 Nxc4+ 42. Kf4 Kf6 43. Ke4 g5 44. hxg5+ Kxg5 45. Kf3 h4 46. Kg2 Ne3+ 47. Kh3 c4 48. Kh2 c3 49. Kg1 c2 50. Kf2 c1=Q 51. Kf3 Kf5 52. a5 Nd5 53. Ke2 Qa3 54. a6 Qxa6+ 55. Kd2 Qa3 56. Kc2 Qc3+ 57. Kd1 Qb2 58. Ke1 Kf4 59. Kd1 Ke3 60. Ke1 Qe2# 0-1

[Event "NAYCC U12 w"]
[Site "Toronto CAN"]
[Date "2013.08.18"]
[Round "9"]
[White "Tao, Ellen"]
[Black "Tang, Terra"]
[Result "1-0"]
[WhiteElo "1198"]
[BlackElo "1036"]
[PlyCount "69"]
[GameId "2160767909275810"]
[EventDate "2013.08.14"]
[EventType "swiss"]
[EventRounds "9"]
[EventCountry "CAN"]
[SourceTitle "hb 2013"]

1. e4 e5 2. Nf3 Nc6 3. Bc4 Nf6 4. d3 Bc5 5. Bg5 h6 6. Bh4 d6 7. h3 Qe7 8. Nc3 Be6 9. Bb3 Qd7 10. Bxe6 Qxe6 11. Bxf6 Qxf6 12. Nd5 Qd8 13. c3 Qd7 14. a4 O-O-O 15. b4 Bxf2+ 16. Kxf2 Ne7 17. Re1 Nxd5 18. exd5 h5 19. Kg1 Rh6 20. d4 Re8 21. dxe5 dxe5 22. Nxe5 Qf5 23. Nf3 Rd8 24. Re5 Qd7 25. Qd4 Rg6 26. Kh1 Ra6 27. b5 Ra5 28. Qb4 b6 29. Re7 Qxd5 30. Qf4 Qc5 31. Qe4 Kb8 32. Nd4 Rc8 33. Nc6+ Ka8 34. Nxa5+ Kb8 35. Qb7# 1-0

[Event "NAYCC U12 w"]
[Site "Toronto CAN"]
[Date "2013.08.18"]
[Round "9"]
[White "Trakru, Priya"]
[Black "Davis, Katherine"]
[Result "0-1"]
[WhiteElo "1911"]
[BlackElo "1841"]
[PlyCount "100"]
[GameId "2160767909275811"]
[EventDate "2013.08.14"]
[EventType "swiss"]
[EventRounds "9"]
[EventCountry "CAN"]
[SourceTitle "hb 2013"]

1. e4 c5 2. Nf3 e6 3. Nc3 a6 4. Be2 d6 5. O-O Qc7 6. d4 cxd4 7. Nxd4 Be7 8. Be3 Nf6 9. f4 b5 10. Bf3 Bb7 11. a3 Nbd7 12. Kh1 O-O 13. Qe2 Nc5 14. Bf2 Rad8 15. Rad1 Rfe8 16. g4 e5 17. fxe5 dxe5 18. Nf5 Ne6 19. Nxe7+ Qxe7 20. Bh4 Nf4 21. Qf2 Ng6 22. Bg3 Rxd1 23. Rxd1 Rd8 24. Rf1 Ne8 25. h4 f6 26. h5 Nf8 27. Bg2 Nd6 28. Bh4 Ne6 29. Nd5 Bxd5 30. exd5 Nf4 31. Re1 Nxg2 32. Qxg2 h6 33. Qg3 Rc8 34. c3 Nc4 35. Qg2 Qd6 36. Bg3 Rd8 37. b3 Nb6 38. c4 bxc4 39. bxc4 Nxc4 40. Rc1 Ne3 41. Qe2 Qxd5+ 42. Kg1 Qd2 43. Qxd2 Rxd2 44. Bf2 Nxg4 45. Be1 Rd6 46. Bb4 Re6 47. Rc8+ Kh7 48. Bf8 Ne3 49. Bxg7 Kxg7 50. Rc7+ Kf8 0-1

[Event "NAYCC U12 w"]
[Site "Toronto CAN"]
[Date "2013.08.18"]
[Round "9"]
[White "Wang, Constance"]
[Black "Ouellet, Maili-Jade"]
[Result "0-1"]
[WhiteElo "1651"]
[BlackElo "1669"]
[PlyCount "90"]
[GameId "2160767909275812"]
[EventDate "2013.08.14"]
[EventType "swiss"]
[EventRounds "9"]
[EventCountry "CAN"]
[SourceTitle "hb 2013"]

1. e4 c5 2. Nf3 Nc6 3. d4 cxd4 4. Nxd4 e6 5. Nb5 d6 6. Bf4 e5 7. Be3 Nf6 8. Bg5 Qa5+ 9. Bd2 Qd8 10. Bg5 a6 11. N5c3 Be7 12. Bxf6 Bxf6 13. Nd5 O-O 14. c4 Be6 15. Nbc3 Nd4 16. Be2 Rc8 17. O-O Bg5 18. g3 Bh3 19. Re1 f5 20. f3 f4 21. b3 fxg3 22. hxg3 h5 23. f4 Nxe2+ 24. Nxe2 exf4 25. Nexf4 Bg4 26. Qd3 Qe8 27. b4 Qe5 28. Ng6 Qb2 29. Nxf8 Rxf8 30. Nf4 Bxf4 31. gxf4 Rxf4 32. Qg3 Rf3 33. Qh4 Bh3 34. Qg5 Qf2+ 35. Kh1 Bg2+ 36. Qxg2 Qh4+ 37. Qh2 Rh3 38. Qxh3 Qxh3+ 39. Kg1 Qg3+ 40. Kf1 Qf3+ 41. Kg1 h4 42. a4 h3 43. Ra2 Qg3+ 44. Kf1 h2 45. Ke2 Qg2+ 0-1